000 00738nam a2200217Ii 4500
003 JO-AjNU
008 230605s9999||||xx |||||||||||||| ||und||
017 _a1993/11/1225
040 _aJO-AjNU
_bara
_erda
_cJO-AjNU
041 _aara
050 1 4 _aJF56.A7.B366.1993
100 3 _aالعواملة ، منصور صالح ,
_eauthor
_916003
245 0 0 _aالوسيط في النظم السياسية ، المجلد الثاني ، الكتاب الاول
250 _aط1
264 3 1 _aعمان ، [ د .ن ] ،1993
300 _aمج2، الكتاب الاول، 274ص
336 _atext
_btxt
_2rdacontent
337 _aunmediated
_bn
_2rdamedia
338 _avolume
_bnc
_2rdacarrier
650 4 _aالسياسة -- نظم
_916004
999 _aA4648
_c8216
_d8216